000
00290nam a22001337a 4500
008
170320b xxu||||| |||| 00| 0 eng d
020
_a
0898383978
041
_a
eng
080
_a
618.8
100
_a
7
101
_a
SHM
245
_a
TECHNIEUQES OF NEUROLYSIS
_c
RACZ, G.B
942
_2
udc
_c
BK
999
_c
8158
_d
8158